|
|
|
|
| LEADER |
00000nab a2200000 a 4500 |
| 001 |
vtls010465778 |
| 003 |
SK-MaSNL |
| 005 |
20260304154656.0 |
| 008 |
250507c20122013xo mr|p|||n |000 b|slo |
| 015 |
|
|
|a SNBRB2012/10
|
| 035 |
|
|
|a (uuid)93be971e-de20-4442-8da3-18ebdb127f97
|
| 035 |
|
|
|a urn:nbn:sk:snk-abc7m2
|
| 035 |
|
|
|a (urnnbn)urn:nbn:sk:snk:ar-002fsp
|
| 038 |
|
|
|a SPK
|
| 040 |
|
|
|a SNKBUCL
|b slo
|c SNKBUCL
|e AACR2
|
| 041 |
0 |
|
|a slo
|
| 044 |
|
|
|a xo
|c SK
|
| 072 |
|
7 |
|a 659
|x Reklama. Public relations. Médiá
|2 konspekt
|
| 072 |
|
7 |
|a 373.2/.3
|x Predškolská a primárna výchova a vzdelávanie
|2 konspekt
|
| 080 |
|
|
|a 659.2
|2 2001
|
| 080 |
|
|
|a 373.2
|2 2001
|
| 100 |
1 |
|
|a Kunštárová, Žaneta
|4 aut
|9 312932
|
| 245 |
1 |
0 |
|a Problémy a témy pedagogického poradenstva v predprimárnom vzdelávaní
|c Žaneta Kunštárová
|
| 300 |
|
|
|b Tab.
|
| 504 |
|
|
|a Bibliogr. odkazy
|
| 650 |
0 |
7 |
|a poradenstvo
|2 snkbucl
|9 3604
|
| 650 |
0 |
7 |
|a predškolská výchova
|2 snkbucl
|9 3959
|
| 773 |
0 |
|
|t Predškolská výchova
|g Roč. 67, č. 1 (2012/2013), s. 5-9
|
| 850 |
|
|
|a Slovenská národná knižnica
|
| 852 |
|
|
|a Slovenská národná knižnica
|
| 954 |
|
|
|a odborná, vedecká literatúra pôvodná (slovenská)
|2 lita
|
| 958 |
|
|
|a article15
|
| 958 |
|
|
|a NB
|2 spk
|
| 958 |
|
|
|a OND
|
| 958 |
|
|
|a EUIPO
|
| 999 |
|
|
|c 2958749
|d 2960679
|